000 00385pab a2200145 454500
008 180718b2003 xxu||||| |||| 00| 0 eng d
100 _aPriya, Ritu
245 _aHealth services and HIV treatment: complex issues and options
260 _c2003
300 _ap.5227-232.
362 _a13 Dec
650 _aHealth services
773 _aEconomic and Political Weekly
909 _a58951
999 _c58951
_d58951